Rozpoznaj polityka po zdjęciu #1 - Statystyki

Ogólne statystyki
  • Ten quiz został rozwiązany 661 razy
  • Średni wynik to 13 z 16
Statystyki odpowiedzi
Obrazkowy Odpowiedź % Poprawnych
Donald Tusk
100%
Mateusz Morawiecki
100%
Barack Obama
97%
Janusz Korwin-Mikke
95%
Krzysztof Bosak
94%
Robert Biedroń
92%
Zbigniew Ziobro
91%
Aleksander Kwaśniewski
90%
Wołodymyr Zełenski
82%
Angela Merkel
80%
Radosław Sikorski
79%
Andrzej Lepper
78%
Leszek Miller
78%
Mariusz Błaszczak
59%
Klaudia Jachira
40%
Waldemar Pawlak
39%
Nie znaleziono quizów pasujących do podanych kryteriów
Rozkład punktacji
Procent ludzi z każdym wynikiem
Percentyl według liczby udzielonych odpowiedzi
Twoja historia wyników
Nie rozwiązałeś tego quizu